000 01395nam a2200385 i 4500
001 13155
003 KOSZ 005
005 20250827064300.0
008 071108s1967 pl a f 000 0 pol
015 _aPB 1967/3236
040 _aWA N
_cWA N
_dKOSZ 005/RW
_dKOSZ 005/HR
046 _k1967
080 _a621.3
100 1 _aKonopiński, Tadeusz
_d(1914-1984)
_eAutor
245 1 0 _aTransformatory i dławiki urządzeń elektronicznych /
_cTadeusz Konopiński, Ryszard Pac ; [przedmowa A. Smoliński].
250 _aWyd. 2 rozsz. i popr.
260 _aWarszawa :
_bWydawnictwa Naukowo-Techniczne,
_c1967.
300 _a297, [1] s. :
_bil. ;
_c23 cm.
336 _2rdacontent
_aTekst
_btxt
337 _2rdamedia
_aBez urządzenia pośredniczącego
_bn
338 _2rdacarrier
_aWolumin
_bnc
380 _aKsiążki
388 _a1901-2000
388 _a1945-1989
504 _aBibliogr. s. 292-[298].
521 8 _aDla techników, inżynierów i studentów.
650 4 _aDławiki elektryczne.
650 4 _aTransformatory
658 _aInżynieria i technika
700 1 _aSmoliński, Adam
_d(1910-1996)
_ePrzedmowa
700 1 _aPac, Ryszard
_eAutor
710 2 _aWydawnictwa Naukowo-Techniczne
_4pbl.
856 _uhttp://koha.tu.koszalin.pl/cgi-bin/koha/opac-detail.pl?biblionumber=13155
_yKatalog online BPK
942 _2UKD
_cKS
999 _c13155
_d13155